000 00765nam a2200289 a 4500
001 000114212
003 CHAP
005 20220329144431.0
008 171123s1981 mx |r| ||1|||spa d
010 _a110673
011 _a111645
020 _a9682506468
040 _cCHAP
082 0 4 _a615.1
_bF23 1981
245 0 0 _aFarmacología y terapeutica /
_cpor Falconer Mary W. ...[et al.].
250 _a6 ed.
260 _aMéxico, D.F. :
_bNueva Editorial Interamericana,
_c1981.
300 _a585 p.
590 _aE5765TAJ
_b05
_c20171123
_lUCH01
_h0912
650 1 4 _aFarmacología.
_939762
650 1 4 _aMedicina.
_973899
650 1 4 _aTerapéuticas.
_9112347
700 1 _aFalconer, Mary W.
_9134122
901 _aBK
942 _cLIBRO
942 _n0
999 _c110673
_d110673